| 000 | 00856nam a2200229 a 4500 | ||
|---|---|---|---|
| 001 | 14031 | ||
| 003 | BD-JhCC | ||
| 005 | 20240524091110.0 | ||
| 008 | 240524b2021 b |||| ||a| 000 0 b d | ||
| 020 | _a9789843506894 | ||
| 035 | _a(BD-JhCC)14031 | ||
| 040 |
_aBD-JhCC _dBD-JhCC |
||
| 041 | _abengali | ||
| 082 |
_a492.7 _bBAY 2021 |
||
| 245 |
_aবাইয়্যিনাহ্ ড্রীম বাঙলা (প্রথম পর্ব): _bক্ল্যাসিক্যাল আরবির মৌলিক বিশ্লেষণ / _cসম্পা:নাঈম আহমেদ । |
||
| 260 |
_aঢাকা: _bবাইয়্যিনাহ্ ইনস্টিটিউট; _c2021. |
||
| 300 |
_a256 p. : _c22 cm. |
||
| 650 | _aArabic Learning | ||
| 700 | _a আহমেদ ,নাঈম | ||
| 942 |
_2ddc _cBK |
||
| 999 |
_c14031 _d14031 |
||